Claudel y Kafka / (Record no. 179054)

MARC details
000 -LEADER
campo de control de longitud fija 01024nam a2200265 i 4500
001 - NÚMERO DE CONTROL
campo de control 179054
003 - IDENTIFICADOR DE NÚMERO DE CONTROL
campo de control ES-MaACL
005 - FECHA Y HORA DE LA ÚLTIMA TRANSACCIÓN
campo de control 20240129115657.0
008 - DATOS DE LONGITUD FIJA--INFORMACIÓN GENERAL
campo de control de longitud fija 110824s2006 sp a |||| |dspa d
020 ## - NÚMERO INTERNACIONAL ESTÁNDAR DEL LIBRO
Número Internacional Estándar del Libro 978-84-95399-73-1
080 ## - NÚMERO DE LA CLASIFICACIÓN DECIMAL UNIVERSAL
Número de la Clasificación Decimal Universal 821.134.2-23"19"
100 1# - ENTRADA PRINCIPAL--NOMBRE DE PERSONA
Nombre de persona Arrabal, Fernando,
Fechas asociadas al nombre 1932-
9 (RLIN) 23204
245 10 - MENCIÓN DEL TÍTULO
Título Claudel y Kafka /
Mención de responsabilidad, etc. Fernando Arrabal, Ruth Reichelberg ; dibujos de Fernando Arrabal ; prólogo de Antonio Fernández Molina ; epílogo de Luce Moreau-Arrabal ; traducción del epílogo de Paola Masseau.
250 ## - MENCION DE EDICION
Mención de edición 2ª ed.
260 ## - PUBLICACIÓN, DISTRIBUCIÓN, ETC.
Lugar de publicación, distribución, etc. Zaragoza :
Nombre del editor, distribuidor, etc. Libros del Innombrable,
Fecha de publicación, distribución, etc. 2006.
300 ## - DESCRIPCIÓN FÍSICA
Extensión 88 p. :
Otras características físicas il. ;
Dimensiones 17 cm.
490 1# - MENCIÓN DE SERIE
Mención de serie Sarastro ;
Designación de volumen o secuencia 5
700 1# - ENTRADA AGREGADA--NOMBRE PERSONAL
Nombre de persona Reichelberg, Ruth.
9 (RLIN) 147738
700 1# - ENTRADA AGREGADA--NOMBRE PERSONAL
Nombre de persona Fernández Molina, Antonio.
9 (RLIN) 49932
700 1# - ENTRADA AGREGADA--NOMBRE PERSONAL
Nombre de persona Moreau Arrabal, Luce.
9 (RLIN) 147739
830 0# - PUNTO DE ACCESO ADICIONAL DE SERIE-TÍTULO UNIFORME
Título uniforme Sarastro ;
Designación de volumen o secuencia 5
9 (RLIN) 224386
852 ## - LOCALIZACIÓN
Ubicación ES-MaACL
itemnumber 185923
Número de control de estantería A-11442
Sublocalización o colección R.145888
Signatura antigua Olim: N-4446
Ubicación en estantería Depósito 1
942 ## - ELEMENTOS DE ENTRADA SECUNDARIOS (KOHA)
Fuente del sistema de clasificación o colocación Clasificación decimal universal
Tipo de ítem Koha Libro impreso
Holdings
Estatus retirado Estado de pérdida Fuente del sistema de clasificación o colocación Estado de daño No para préstamo Biblioteca de origen Biblioteca actual Ubicación en estantería Fecha de adquisición Fuente de adquisición Total de préstamos Signatura topográfica completa Código de barras Visto por última vez Precio de reemplazo Tipo de ítem Koha
    Clasificación decimal universal     Biblioteca del Ateneo de Madrid Biblioteca del Ateneo de Madrid Depósito 1 24/08/2011 Compra   A-11442 1188085 23/02/2023 23/02/2023 Libro impreso